[Event "Open Semana Santa 2023"]
[Site "?"]
[Date "2023.04.08"]
[Round "6.26"]
[White "Iglesias Ferreira, Andres"]
[Black "IM Tejedor Fuente, Enrique"]
[Result "0-1"]
[WhiteElo "2150"]
[BlackElo "2390"]
[PlyCount "52"]

1. e4 e6 2. d4 d5 3. Nd2 Be7 4. Ngf3 Nf6 5. e5 Nfd7 6. Bd3 c5 7. c3 Nc6 8. O-O
a5 9. a4 O-O 10. Re1 Qb6 11. Nf1 cxd4 12. cxd4 f6 13. exf6 Nxf6 14. Ng3 Kh8 15.
Bb1 Bd7 16. Re3 Rac8 17. Rb3 Qc7 18. Bg5 Rf7 19. h4 Bd6 20. Nf1 Ne4 21. N1d2
Nf6 22. Qe2 Rcf8 23. Nf1 Ng4 24. Qc2 g6 25. h5 Nxd4 26. Qxc7 Ne2+ 0-1

[Event "Open Semana Santa 2023"]
[Site "?"]
[Date "2023.04.08"]
[Round "6.27"]
[White "FM Escartin Lacasa, Jose"]
[Black "GM Yuffa, Daniil"]
[Result "1/2-1/2"]
[WhiteElo "2298"]
[BlackElo "2602"]
[PlyCount "90"]

1. d4 Nf6 2. Nf3 g6 3. c4 d6 4. Nc3 Bf5 5. d5 Bg7 6. Nd4 Bd7 7. e4 e5 8. Nc2 a5
9. Be2 Na6 10. O-O Nc5 11. f3 Nh5 12. g3 O-O 13. Be3 b6 14. Qd2 f5 15. exf5
gxf5 16. f4 Nf6 17. Bf3 Qe8 18. fxe5 dxe5 19. d6 e4 20. Bg2 c6 21. Bxc5 bxc5
22. Na4 Rd8 23. Nxc5 Bc8 24. Rad1 Qf7 25. Qxa5 Qxc4 26. Ne3 Qe2 27. Rfe1 Qxb2
28. Nc4 Qb5 29. Qxb5 cxb5 30. Nb6 Nd7 31. Nbxd7 Bxd7 32. Bf1 Bc3 33. Nxd7 Rxd7
34. Bxb5 Rxd6 35. Rxd6 Bxe1 36. Re6 Kg7 37. g4 f4 38. Rxe4 f3 39. a4 Bh4 40. a5
Rd8 41. Rf4 Rd5 42. Rf5 Rxf5 43. gxf5 Bd8 44. a6 Bb6+ 45. Kh1 Kf6 1/2-1/2

[Event "Open Semana Santa 2023"]
[Site "?"]
[Date "2023.04.08"]
[Round "6.28"]
[White "FM Ibanez Aullana, Ramon"]
[Black "GM Jacobson, Brandon"]
[Result "0-1"]
[WhiteElo "2292"]
[BlackElo "2256"]
[PlyCount "74"]

1. d4 Nf6 2. Nf3 g6 3. Nc3 d5 4. Bf4 Bg7 5. Nb5 Na6 6. e3 Nh5 7. Bg5 c6 8. Nc3
Nc7 9. Be2 Ne6 10. Bh4 O-O 11. g4 Nf6 12. g5 Ne8 13. Bg3 Nd6 14. h4 Nf5 15. Bf4
c5 16. Be5 Bxe5 17. dxe5 d4 18. exd4 cxd4 19. Ne4 Nf4 20. Qd2 Nxe2 21. Qxe2
Qa5+ 22. Qd2 Qd5 23. Qf4 Bd7 24. O-O Rac8 25. Rfd1 Bc6 26. Re1 Qe6 27. b3 Bd5
28. Rac1 Rc6 29. Red1 Rfc8 30. Rd2 b5 31. Nxd4 Nxd4 32. Rxd4 Rxc2 33. Rcd1 Bxe4
34. Qxe4 Rxa2 35. Qf4 Re2 36. h5 a6 37. b4 Rc4 0-1

[Event "Open Semana Santa 2023"]
[Site "?"]
[Date "2023.04.08"]
[Round "6.29"]
[White "IM Garcia Martin, Marta"]
[Black "GM Cuenca Jimenez, Jose Fernando"]
[Result "1/2-1/2"]
[WhiteElo "2291"]
[BlackElo "2553"]
[PlyCount "140"]
[EventDate "2023.??.??"]

1. e4 c5 2. Nf3 Nc6 3. Bb5 e6 4. O-O Nge7 5. d4 cxd4 6. Nxd4 Qb6 7. Nxc6 bxc6
8. Bd3 Ng6 9. c4 c5 10. f4 Bb7 11. Nc3 Be7 12. b3 Qc7 13. Be3 O-O 14. Qd2 d6
15. Rad1 a6 16. Ne2 Rad8 17. Qc2 Nh4 18. Rf2 Qc6 19. Ng3 Ng6 20. Be2 Bh4 21.
Bf3 e5 22. f5 Ne7 23. Rff1 Bxg3 24. hxg3 f6 25. Kf2 g5 26. g4 Qc7 27. Rh1 Kg7
28. Rh3 h6 29. Rdh1 Rh8 30. Qc1 Qa5 31. a3 Bc6 32. Rd1 Be8 33. Rhh1 Nc6 34. Qb2
Bf7 35. Be2 Nd4 36. b4 Qb6 37. Bd3 Rb8 38. Rb1 Rb7 39. Qd2 Qc6 40. bxc5 Nb3 41.
Qc3 Nxc5 42. Rxb7 Qxb7 43. Bxc5 dxc5 44. Rb1 Qc7 45. Be2 Rd8 46. Qb2 Rd4 47.
Qb6 Qxb6 48. Rxb6 Bxc4 49. Rb7+ Kf8 50. Rb8+ Ke7 51. Rb7+ Ke8 52. Bxc4 Rxc4 53.
Rb6 Rxe4 54. Rxf6 Rxg4 55. Re6+ Kd7 56. g3 h5 57. Rxe5 Kd6 58. Re6+ Kd5 59.
Rxa6 h4 60. gxh4 Rxh4 61. f6 Rd4 62. a4 Rf4+ 63. Kg2 c4 64. a5 Ke5 65. Rb6 Rxf6
66. Rxf6 Kxf6 67. Kf2 g4 68. a6 c3 69. Ke2 g3 70. a7 c2 1/2-1/2

[Event "Open Semana Santa 2023"]
[Site "?"]
[Date "2023.04.08"]
[Round "6.30"]
[White "FM Remolar Gallen, Jose"]
[Black "GM Dvirnyy, Danyyil"]
[Result "0-1"]
[WhiteElo "2238"]
[BlackElo "2541"]
[PlyCount "60"]

1. c4 e5 2. g3 c6 3. d4 Bb4+ 4. Bd2 Bxd2+ 5. Qxd2 d6 6. Nc3 Nf6 7. Bg2 O-O 8.
e3 Qe7 9. Nge2 e4 10. h3 h6 11. O-O Bf5 12. Kh2 Nbd7 13. Rae1 Bh7 14. b3 a6 15.
a4 a5 16. Nc1 Rfe8 17. N1a2 Nf8 18. f3 exf3 19. Bxf3 Ne6 20. Bg2 Ng5 21. e4 Qd8
22. Qf4 Ne6 23. Qf2 Bg6 24. e5 dxe5 25. dxe5 Nd7 26. Be4 Ndc5 27. Bxg6 fxg6 28.
Qf7+ Kh7 29. Rf6 Qd2+ 30. Re2 Qg5 0-1

[Event "Open Semana Santa 2023"]
[Site "?"]
[Date "2023.04.08"]
[Round "6.31"]
[White "IM Tiglon, Bryce"]
[Black "CM Ilinca Ilinca, Felix Antonio"]
[Result "1-0"]
[WhiteElo "2502"]
[BlackElo "2266"]
[PlyCount "83"]

1. e4 c5 2. Nf3 e6 3. d4 cxd4 4. Nxd4 Nf6 5. Nc3 Nc6 6. Nxc6 bxc6 7. e5 Nd5 8.
Ne4 Qc7 9. f4 Qb6 10. c4 Bb4+ 11. Ke2 f5 12. exf6 Nxf6 13. Be3 Qd8 14. Nd6+
Bxd6 15. Qxd6 Bb7 16. Rd1 Rc8 17. Rg1 c5 18. g4 Rc6 19. Qe5 O-O 20. g5 Nh5 21.
Bh3 d6 22. Bxe6+ Kh8 23. Qc3 Nxf4+ 24. Bxf4 Rxf4 25. Rdf1 Re4+ 26. Kd1 Rxe6 27.
Rf7 Qg8 28. Rgf1 Rc8 29. Rxb7 Rf8 30. Rxf8 Qxf8 31. Qh3 Re4 32. g6 Rd4+ 33. Kc2
h6 34. Qe6 Qf2+ 35. Kb3 Qf3+ 36. Ka4 Rxc4+ 37. Ka5 Rf4 38. Rb8+ Rf8 39. Qxd6
Kg8 40. Qxf8+ Qxf8 41. Rxf8+ Kxf8 42. Ka6 1-0

[Event "Open Semana Santa 2023"]
[Site "?"]
[Date "2023.04.08"]
[Round "6.32"]
[White "FM Milat, Marcel"]
[Black "GM Arizmendi Martinez, Julen Luis"]
[Result "0-1"]
[WhiteElo "2237"]
[BlackElo "2494"]
[PlyCount "44"]

1. e4 e6 2. d4 d5 3. Nd2 h6 4. Ngf3 Nf6 5. e5 Nfd7 6. Bd3 c5 7. c3 Nc6 8. O-O
g5 9. dxc5 Bxc5 10. b4 Bf8 11. Re1 Bg7 12. c4 Nxb4 13. Bf1 g4 14. Nd4 Nxe5 15.
Ba3 a5 16. cxd5 O-O 17. d6 Qxd6 18. Nb5 Qd8 19. Rc1 Ned3 20. Ne4 Nxe1 21. Qxe1
Bd7 22. Rd1 Nc2 0-1

[Event "Open Semana Santa 2023"]
[Site "?"]
[Date "2023.04.08"]
[Round "6.33"]
[White "IM Chen, Qi B"]
[Black "FM Martin Barcelo, Carles"]
[Result "1/2-1/2"]
[WhiteElo "2493"]
[BlackElo "2222"]
[Annotator "Usuario"]
[PlyCount "51"]

1. e4 c6 2. d4 d5 3. e5 c5 4. Nf3 cxd4 5. Qxd4 Nc6 6. Qf4 e6 7. Nc3 Nb4 8. Qd2
a6 9. a3 Nc6 10. Bd3 Nge7 11. O-O Ng6 12. Re1 Be7 13. g3 O-O 14. h4 f5 15. h5
Nh8 16. Ne2 Nf7 17. Nf4 Ng5 18. Nxg5 Bxg5 19. b4 Bd7 20. Qd1 Bh6 21. c4 Ne7 22.
c5 Bxf4 23. Bxf4 Bb5 24. Bxb5 axb5 25. Qd3 Qd7 26. Bg5 $11 1/2-1/2

[Event "Open Semana Santa 2023"]
[Site "?"]
[Date "2023.04.08"]
[Round "6.34"]
[White "IM Garriga Cazorla, Pere"]
[Black "CM Ribera Veganzones, Josep Maria"]
[Result "1-0"]
[WhiteElo "2476"]
[BlackElo "2221"]
[PlyCount "69"]

1. e4 c5 2. Nf3 Nc6 3. Nc3 e5 4. Bc4 Be7 5. d3 Nf6 6. Ng5 O-O 7. f4 exf4 8.
Bxf4 d6 9. O-O Bg4 10. Qd2 Ne5 11. Bxe5 dxe5 12. Kh1 Qd6 13. a4 a6 14. Qf2 h6
15. Nf3 Nd7 16. Nd5 Be6 17. a5 Rfe8 18. Qg3 Bf8 19. Nh4 Kh7 20. Nf5 Qc6 21. Bb3
b5 22. axb6 Nxb6 23. Nfe3 Ra7 24. Ra5 f5 25. exf5 Bxd5 26. Bxd5 Nxd5 27. Nxd5
Rb8 28. Qxe5 Re8 29. Qg3 Re2 30. c4 Rxb2 31. Raa1 a5 32. Rae1 Rf7 33. f6 Bd6
34. Qg4 Bb8 35. Ne7 1-0

[Event "Open Semana Santa 2023"]
[Site "?"]
[Date "2023.04.08"]
[Round "6.35"]
[White "GM Moskalenko, Viktor"]
[Black "Perea Fruet, Lorenzo"]
[Result "1-0"]
[WhiteElo "2443"]
[BlackElo "2217"]
[PlyCount "119"]

1. d4 Nf6 2. Bf4 d5 3. e3 c5 4. Nf3 Nc6 5. Nbd2 e6 6. c3 cxd4 7. exd4 Nh5 8.
Be3 Bd6 9. Bd3 Nf4 10. Bxf4 Bxf4 11. O-O O-O 12. Re1 b6 13. g3 Bh6 14. Nf1 g6
15. h4 Bg7 16. Ne3 a6 17. Qc2 Bb7 18. h5 Rc8 19. Qe2 b5 20. hxg6 hxg6 21. a3
Na5 22. Ng4 Qe7 23. Kg2 Nc4 24. Rh1 Rfe8 25. Nfe5 Bxe5 26. dxe5 Kg7 27. f3 Rh8
28. Bxc4 dxc4 29. Qe3 Rcd8 30. Rad1 Bd5 31. Rxh8 Rxh8 32. Rh1 Qd8 33. Rxh8 Qxh8
34. Qg5 Qh5 35. Qh4 Bxf3+ 36. Kxf3 Qf5+ 37. Kg2 Qe4+ 38. Kh3 Qh1+ 39. Nh2 a5
40. Qf6+ Kg8 41. Qf1 Qe4 42. Ng4 Kf8 43. Nh6 Qb7 44. Qg2 Qd5 45. Qxd5 exd5 46.
Kg2 Ke7 47. Kf3 Ke6 48. Ke3 Kxe5 49. Nxf7+ Kf6 50. Nh6 Ke5 51. Ng4+ Kf5 52. Nh2
Ke5 53. Nf3+ Kf5 54. Nd4+ Kg4 55. Kf2 Kg5 56. Nxb5 Kf5 57. Kf3 g5 58. Nd4+ Ke5
59. a4 g4+ 60. Ke3 1-0

[Event "Open Semana Santa 2023"]
[Site "?"]
[Date "2023.04.08"]
[Round "6.36"]
[White "FM Cappelletto, Joshuaede"]
[Black "IM Martinez Ramirez, Lennis"]
[Result "0-1"]
[WhiteElo "2266"]
[BlackElo "2428"]
[Annotator "Usuario"]
[PlyCount "84"]

1. e4 c5 2. Nf3 a6 3. c4 Nc6 4. d4 cxd4 5. Nxd4 e5 6. Nf5 d5 7. cxd5 Bxf5 8.
exf5 Nd4 9. Nc3 Nf6 10. Be3 Nxf5 11. Qa4+ Nd7 12. Bd3 Nxe3 13. fxe3 Bc5 14. O-O
O-O 15. Kh1 g6 16. e4 b5 17. Qc2 Qg5 18. Nxb5 Rac8 19. Nc3 Nf6 20. Qe2 Ng4 21.
Bxa6 Nxh2 22. Bxc8 Rxc8 23. g3 Ng4 24. Kg2 Ne3+ 25. Kh1 Rb8 26. Rf2 Ng4 27. Rh2
$11 Nxh2 28. Kxh2 h5 29. Kh3 Bd4 30. Rf1 Kg7 31. Qf3 f6 32. Qe2 f5 33. exf5
gxf5 34. Nd1 e4 35. Kg2 h4 36. g4 f4 37. Kh3 Qe5 38. Re1 Re8 39. Qh2 e3 40. Qg2
e2 41. Nf2 Qe3+ 42. Kh2 Qg3+ 0-1

[Event "Open Semana Santa 2023"]
[Site "?"]
[Date "2023.04.08"]
[Round "6.37"]
[White "FM Yurkovskiy, Ivan"]
[Black "Chen, Peng"]
[Result "0-1"]
[WhiteElo "2216"]
[BlackElo "2425"]
[PlyCount "70"]

1. c4 f5 2. g3 Nf6 3. Bg2 g6 4. e3 Bg7 5. Nc3 O-O 6. Nge2 d6 7. d4 e5 8. O-O c5
9. a3 Nc6 10. Rb1 a5 11. Nb5 Qe7 12. Nec3 Bd7 13. dxe5 dxe5 14. Nd5 Nxd5 15.
cxd5 Nd8 16. Nc7 Rb8 17. d6 Qf6 18. Qb3+ Nf7 19. Rd1 b5 20. Qd5 Rb6 21. Qxc5
Rxd6 22. Bd2 Rc8 23. Bxa5 Bf8 24. Rxd6 Bxd6 25. Nd5 Qe6 26. Qa7 Bc6 27. Rd1 e4
28. Nf4 Qb3 29. Rd2 Bxf4 30. gxf4 Bd5 31. Bc3 Rxc3 32. h4 Rd3 33. Re2 Rd1+ 34.
Kh2 Bc4 35. h5 gxh5 0-1

[Event "Open Semana Santa 2023"]
[Site "?"]
[Date "2023.04.08"]
[Round "6.38"]
[White "CM Molina Carretero, Daniel"]
[Black "IM Ladron De Guevara Pinto, Paolo"]
[Result "0-1"]
[WhiteElo "2209"]
[BlackElo "2403"]
[PlyCount "88"]

1. c4 e6 2. Nf3 d5 3. g3 Nf6 4. b3 a5 5. Nc3 c6 6. e3 Nbd7 7. Bb2 Bd6 8. Bg2
O-O 9. O-O b6 10. Nd4 Bb7 11. f4 Re8 12. cxd5 exd5 13. Nf5 Bf8 14. g4 Nc5 15.
g5 Nfe4 16. Qc2 Nd6 17. Rf3 Nxf5 18. Qxf5 d4 19. Ne2 Bc8 20. Qb1 dxe3 21. d4
Na6 22. Rg3 Nb4 23. Be4 g6 24. h4 Nd5 25. h5 Qd6 26. Ba3 Qxa3 27. hxg6 fxg6 28.
Bxg6 Re7 29. Bd3 Qd6 30. Qf1 Rg7 31. Qg2 Ba6 32. Bxa6 Rxa6 33. Rf1 Raa7 34. f5
Raf7 35. Rg4 Qd7 36. Ng3 Nf6 37. Ne4 Nxg4 38. Qxg4 Qxd4 39. Rd1 Qe5 40. f6 Rxf6
41. Rd7 Rf4 42. Nf6+ Qxf6 43. Rxg7+ Bxg7 44. Qd7 Qxg5+ 0-1

[Event "Open Semana Santa 2023"]
[Site "?"]
[Date "2023.04.08"]
[Round "6.39"]
[White "FM Domingo Nunez, Ruben"]
[Black "Revaliente Montoya, Ciro"]
[Result "1-0"]
[WhiteElo "2401"]
[BlackElo "2203"]
[PlyCount "85"]

1. e4 c5 2. Nf3 Nc6 3. Bb5 e6 4. O-O Nge7 5. c3 a6 6. Ba4 b5 7. Bc2 Bb7 8. a4
Ng6 9. Re1 Rc8 10. Na3 b4 11. Nc4 Be7 12. d4 bxc3 13. d5 Na5 14. b3 exd5 15.
Nxa5 Qxa5 16. exd5 Kf8 17. h4 Bd6 18. h5 Ne7 19. h6 Ng6 20. Ng5 c4 21. Qd4 f6
22. Nxh7+ Rxh7 23. Bxg6 Qxd5 24. Qxd5 Bxd5 25. bxc4 Bg8 26. Bxh7 Bxh7 27. hxg7+
Kxg7 28. Rd1 Rc6 29. c5 Bxc5 30. Rxd7+ Kg8 31. Bh6 Re6 32. Rad1 Bb6 33. R1d6
Rxd6 34. Rxd6 Bc5 35. Rxa6 Bd4 36. Rc6 Bf5 37. a5 Kf7 38. a6 c2 39. Be3 Bxe3
40. fxe3 Be4 41. Rc3 Ke6 42. a7 Ke5 43. Rxc2 1-0

[Event "Open Semana Santa 2023"]
[Site "?"]
[Date "2023.04.08"]
[Round "6.40"]
[White "GM Cifuentes Parada, Roberto"]
[Black "FM Buenafe Moya, Javier"]
[Result "1-0"]
[WhiteElo "2396"]
[BlackElo "2188"]
[PlyCount "125"]

1. d4 Nf6 2. Nf3 e6 3. g3 d5 4. Bg2 Be7 5. c4 O-O 6. O-O dxc4 7. Qc2 a6 8. a4
Bd7 9. Rd1 Bc6 10. Nc3 a5 11. e4 Na6 12. Ne5 Nb4 13. Qe2 Nd3 14. Nxc4 Nxc1 15.
Raxc1 Bb4 16. Ne5 Be8 17. Qc2 Qe7 18. Na2 Rc8 19. Nd3 Bc6 20. Naxb4 axb4 21.
Ne5 Be8 22. b3 Nd7 23. Nd3 e5 24. dxe5 Nxe5 25. Nxe5 Qxe5 26. Bh3 Ra8 27. Qxc7
Qxc7 28. Rxc7 Bc6 29. f3 g6 30. Kf2 f5 31. exf5 gxf5 32. Rd4 Rad8 33. Rxd8 Rxd8
34. Bxf5 Rd2+ 35. Ke3 Rxh2 36. a5 Bd5 37. Be4 Bxb3 38. Rxb7 Ra2 39. Rxb4 Ra3
40. Kf4 Bf7 41. Rb5 h6 42. Rc5 Ra4 43. Ke5 Bb3 44. Kd6 Bd1 45. Kc7 Ra3 46. Rf5
Kg7 47. g4 Be2 48. Bb7 Rc3+ 49. Kb6 Rb3+ 50. Ka7 Kg6 51. a6 Ra3 52. Kb6 Rb3+
53. Ka5 Ra3+ 54. Kb4 Rxa6 55. Bxa6 Bxa6 56. Kc3 Bb7 57. Rf4 Kg5 58. Rf7 Ba8 59.
Kd4 h5 60. gxh5 Kxh5 61. Ke5 Kg6 62. Rf8 Bb7 63. f4 1-0

[Event "Open Semana Santa 2023"]
[Site "?"]
[Date "2023.04.08"]
[Round "6.41"]
[White "Jordan Martinez, Miguel"]
[Black "IM Cruz Lledo, Pablo"]
[Result "1-0"]
[WhiteElo "2186"]
[BlackElo "2395"]
[Annotator "Usuario"]
[PlyCount "95"]

1. e4 g6 2. d4 Bg7 3. Nc3 c6 4. f4 d6 5. Nf3 Nf6 6. Be3 O-O 7. Qd2 b5 8. a3 Bb7
9. Bd3 a5 10. h3 b4 11. Ne2 c5 12. e5 Nfd7 13. c3 bxc3 14. bxc3 cxd4 15. cxd4
Bxf3 16. gxf3 e6 17. O-O Nc6 18. Rac1 Ne7 19. Be4 d5 20. Bd3 Nb6 21. Bf2 Nf5
22. Rc6 Nc8 23. Bxf5 gxf5 24. Rb1 Qd7 25. Qc2 $11 Ra7 26. Bh4 Rb7 27. Rxb7 Qxb7
28. Ng3 Na7 29. Rc5 Rc8 30. Nh5 Rxc5 31. dxc5 Bh6 32. Qg2+ Kf8 33. Bg5 Bxg5 34.
Qxg5 Qe7 35. Nf6 Qxc5+ 36. Kg2 Qb5 37. Nxh7+ Ke8 38. Qg8+ Ke7 39. Qf8+ Kd7 40.
Qxf7+ Kc6 41. Qxa7 Qb2+ 42. Kg3 Qxa3 43. Qa6+ Kc7 44. Ng5 Qc3 45. Nxe6+ Kb8 46.
Qb6+ Kc8 47. Qc5+ Qxc5 48. Nxc5 1-0

[Event "Open Semana Santa 2023"]
[Site "?"]
[Date "2023.04.08"]
[Round "6.42"]
[White "Jordan Martinez, David"]
[Black "IM Martin Duque, Jesus"]
[Result "0-1"]
[WhiteElo "2137"]
[BlackElo "2386"]
[PlyCount "76"]
[EventDate "2023.??.??"]

1. e4 c6 2. d4 d5 3. exd5 cxd5 4. Bd3 Nc6 5. c3 Qc7 6. Ne2 Bg4 7. O-O Nf6 8.
Qe1 Bxe2 9. Qxe2 e6 10. f4 Bd6 11. g3 h5 12. Nd2 h4 13. Nf3 hxg3 14. hxg3 O-O-O
15. Kg2 Ne7 16. Bd2 Nf5 17. Ne5 g5 18. fxg5 Bxe5 19. dxe5 Ne4 20. Bf4 Qb6 21.
Rab1 Rhg8 22. Bxe4 dxe4 23. Qxe4 Rd5 24. Rf2 Rgd8 25. Re1 Rd3 26. a3 Kb8 27. a4
a6 28. Rfe2 Ka8 29. Rf2 Qc5 30. Rfe2 Qe7 31. Rf2 Qe8 32. Rfe2 Qh8 33. a5 Qh7
34. b4 Qh5 35. Rh1 Qg4 36. Rh3 Ne3+ 37. Kf2 Nd1+ 38. Kg2 Nxc3 0-1

[Event "Open Semana Santa 2023"]
[Site "?"]
[Date "2023.04.08"]
[Round "6.43"]
[White "Ontanon Gomez, Pablo"]
[Black "FM Davtyan, David Arm."]
[Result "1/2-1/2"]
[WhiteElo "2136"]
[BlackElo "2374"]
[Annotator "Usuario"]
[PlyCount "47"]

1. e4 c5 2. Nf3 Nc6 3. d4 cxd4 4. Nxd4 Nf6 5. Nc3 d6 6. Bc4 e6 7. Be3 Be7 8.
Qe2 a6 9. O-O-O Qc7 10. Bb3 O-O 11. g4 Nxd4 12. Rxd4 e5 13. Rc4 Qd8 14. g5 Ng4
15. Nd5 Nxe3 16. Nxe7+ Qxe7 17. Qxe3 Be6 18. Rc3 Rac8 19. Rxc8 Rxc8 20. Kb1 Qc7
21. Rd1 Bxb3 22. Qxb3 Kf8 23. Rd2 Ke7 24. a3 $11 1/2-1/2

[Event "Open Semana Santa 2023"]
[Site "?"]
[Date "2023.04.08"]
[Round "6.44"]
[White "FM Carnicelli, Valerio"]
[Black "Hercegovac, Neven"]
[Result "0-1"]
[WhiteElo "2370"]
[BlackElo "2153"]
[PlyCount "144"]

1. e4 c5 2. Nf3 Nc6 3. d4 cxd4 4. Nxd4 Nf6 5. Nc3 e5 6. Ndb5 d6 7. Nd5 Nxd5 8.
exd5 Nb8 9. a4 Be7 10. Bd2 O-O 11. a5 a6 12. Na3 Nd7 13. Nc4 f5 14. Bb4 Rf6 15.
Be2 Nf8 16. O-O g5 17. Nb6 Rb8 18. c4 Nd7 19. Na4 Nc5 20. Bxc5 dxc5 21. b4 cxb4
22. c5 Bf8 23. Bc4 Kh8 24. d6 Bd7 25. Nb6 Bc6 26. Re1 e4 27. Bd5 g4 28. Bxc6
bxc6 29. Qe2 Rh6 30. g3 Bg7 31. Qxa6 Bxa1 32. Rxa1 e3 33. Qe2 f4 34. a6 Qf6 35.
Rb1 Qf5 36. Rxb4 Qxc5 37. Qb2+ Kg8 38. a7 exf2+ 39. Kf1 Rd8 40. a8=Q Rxa8 41.
Nxa8 Qxd6 42. Rb8+ Kf7 43. Rb7+ Kg6 44. Qc2+ Kg5 45. Rg7+ Rg6 46. Rf7 Qd5 47.
gxf4+ Kh6 48. Qf5 Qh1+ 49. Kxf2 Qxh2+ 50. Ke3 Qg1+ 51. Ke2 Qg2+ 52. Ke1 Qh1+
53. Ke2 Qf3+ 54. Ke1 Qc3+ 55. Kf1 Qa1+ 56. Kg2 Qxa8 57. Rd7 Qa2+ 58. Kg1 Qa1+
59. Kg2 Qb2+ 60. Kg3 Qc3+ 61. Rd3 Qe1+ 62. Kg2 Qe2+ 63. Kg1 g3 64. Qh3+ Qh5 65.
Qg2 Qc5+ 66. Kf1 Qc1+ 67. Ke2 Qc2+ 68. Rd2 Re6+ 69. Kf3 Qe4+ 70. Kg4 Rg6+ 71.
Kh3 Qf5+ 72. Kh4 Qg4# 0-1

[Event "Open Semana Santa 2023"]
[Site "?"]
[Date "2023.04.08"]
[Round "6.45"]
[White "IM Chueca Forcen, Alberto"]
[Black "Hernandez Leon, Sergio"]
[Result "1/2-1/2"]
[WhiteElo "2359"]
[BlackElo "2151"]
[Annotator "Usuario"]
[PlyCount "33"]

1. d4 Nf6 2. c4 e6 3. Nc3 Bb4 4. Qc2 O-O 5. e4 d5 6. e5 Ne4 7. Bd3 c5 8. Nf3
cxd4 9. Nxd4 Nd7 10. Bf4 Qh4 11. g3 Qh5 12. h4 f6 13. Nxe6 Nxe5 14. cxd5 Nxd3+
15. Qxd3 Nxc3 16. bxc3 Bxc3+ 17. Qxc3 $11 1/2-1/2

[Event "Open Semana Santa 2023"]
[Site "?"]
[Date "2023.04.08"]
[Round "6.46"]
[White "GM Campora, Daniel H"]
[Black "WFM Rodriguez Redondo, Adhara"]
[Result "1-0"]
[WhiteElo "2348"]
[BlackElo "2126"]
[PlyCount "115"]
[EventDate "2023.??.??"]

1. e4 e5 2. Nf3 Nc6 3. Bb5 Nf6 4. Bxc6 dxc6 5. d3 Bd6 6. O-O Bg4 7. Nbd2 Nd7 8.
h3 Be6 9. d4 f6 10. Qe2 Qe7 11. c4 exd4 12. Nxd4 O-O-O 13. N2f3 Rhe8 14. Re1
Bb4 15. Bd2 Bxd2 16. Qxd2 c5 17. Nxe6 Qxe6 18. Qc3 Ne5 19. Nxe5 Qxe5 20. Qxe5
fxe5 21. Re2 Rd4 22. b3 Red8 23. Rae1 Kd7 24. g3 g5 25. Re3 Rf8 26. Kg2 Ke6 27.
Rf3 Rxf3 28. Kxf3 Rd2 29. Re2 Rd3+ 30. Kg4 Kf6 31. Kh5 a5 32. Re3 Rd4 33. a4 c6
34. Kh6 b5 35. cxb5 cxb5 36. axb5 Rb4 37. Rf3+ Ke6 38. Kxg5 Rxb5 39. Kh6 Rb4
40. Kxh7 Rxe4 41. Kg6 c4 42. bxc4 Rxc4 43. Rf8 a4 44. Ra8 Rc2 45. Rxa4 Rxf2 46.
h4 Kd5 47. g4 Rf4 48. Ra5+ Ke4 49. Kg5 Kf3 50. Ra3+ Kf2 51. h5 Rb4 52. h6 e4
53. h7 Rb8 54. Rh3 Rh8 55. Kg6 e3 56. Kg7 e2 57. Rh2+ Kf3 58. Rxe2 1-0

[Event "Open Semana Santa 2023"]
[Site "?"]
[Date "2023.04.08"]
[Round "6.47"]
[White "CM Luke Brezmes, Cristofer"]
[Black "FM Martins, Bruno Andre Leite"]
[Result "1/2-1/2"]
[WhiteElo "2095"]
[BlackElo "2348"]
[Annotator "Usuario"]
[PlyCount "152"]

1. e4 e6 2. d4 d5 3. Nc3 Nf6 4. e5 Nfd7 5. Qg4 c5 6. Nb5 cxd4 7. Nf3 Nc6 8. Bf4
Qa5+ 9. Bd2 Qb6 10. Nd6+ Bxd6 11. Qxg7 Rf8 12. exd6 Nb4 13. Qxh7 Qxd6 14. a3
Nc6 15. Bb5 e5 16. Bh6 e4 17. Ng5 Qf6 18. Bxf8 Nxf8 19. Qg8 Bf5 20. h4 Ke7 21.
g4 Bxg4 22. Nh7 Qf3 23. Qg5+ f6 24. Qg7+ Ke6 25. Nxf8+ Rxf8 26. Rg1 Ne5 27.
Bd7+ Nxd7 28. Qxg4+ Qxg4 29. Rxg4 Rc8 30. O-O-O Ne5 31. Rg2 d3 32. c3 d4 33. f4
$11 exf3 34. Rgd2 dxc3 35. bxc3 Rxc3+ 36. Kb2 Rc4 37. Rh2 Rf4 38. h5 Re4 39.
Kc3 Re2 40. Rhh1 Rc2+ 41. Kb3 Rc7 42. h6 Rh7 43. Kc3 Kf5 44. Rdg1 Ng4 45. Rh5+
Kf4 46. Kxd3 f2 47. Rb1 Kg3 48. Ke2 Kg2 49. Rf5 Rxh6 50. Rb4 Kg3 51. Rf3+ Kh4
52. Rxf2 b6 53. Rh2+ Kg3 54. Rxh6 Nxh6 55. Ra4 a5 56. Re4 Ng4 57. Re6 f5 58.
Rxb6 f4 59. Rb3+ Ne3 60. a4 Kg2 61. Rb5 Nf1 62. Rxa5 f3+ 63. Kd3 f2 64. Rb5 Ne3
65. Rb2 Nd5 66. a5 Kg1 67. Rxf2 Kxf2 68. Kc4 Nc7 69. Kc5 Ke3 70. Kc6 Na6 71.
Kb6 Nb4 72. Kb5 Nd5 73. Kc5 Nc7 74. Kb6 Nd5+ 75. Kb7 Nb4 76. a6 Nxa6 1/2-1/2

[Event "Open Semana Santa 2023"]
[Site "?"]
[Date "2023.04.08"]
[Round "6.48"]
[White "Garrido Diaz, Ernesto"]
[Black "IM Granero Roca, Antonio"]
[Result "1-0"]
[WhiteElo "2106"]
[BlackElo "2334"]
[PlyCount "103"]

1. e4 c6 2. d4 d5 3. e5 c5 4. dxc5 Nc6 5. f4 Nh6 6. a3 a5 7. Be2 e6 8. Be3 d4
9. Bf2 Bxc5 10. Nd2 O-O 11. Ne4 Bb6 12. Bf3 f6 13. exf6 gxf6 14. Ne2 f5 15.
N4g3 e5 16. Bxc6 bxc6 17. fxe5 Ng4 18. Bxd4 Ba6 19. Bxb6 Qxb6 20. Qd4 c5 21.
Qf4 Qxb2 22. O-O Qxe5 23. Qxe5 Nxe5 24. Rfe1 Ng6 25. Rad1 f4 26. Ne4 f3 27.
N2g3 Nh4 28. Nh5 Ra7 29. Nef6+ Kh8 30. g3 Ng6 31. Kf2 Be2 32. Rd5 c4 33. Rb1
Raf7 34. Rb6 c3 35. Rbd6 a4 36. Rd8 Bc4 37. Rxf8+ Rxf8 38. Rc5 Bf7 39. Rxc3 Ne5
40. Rc7 Nc4 41. Nf4 Nxa3 42. Ne6 Nb5 43. Re7 a3 44. Nxf8 Kg7 45. N8d7 Nd4 46.
Ne8+ Kg8 47. Ndf6+ Kf8 48. Ra7 a2 49. Nd6 Be6 50. Nxh7+ Kg8 51. Nf6+ Kf8 52. c4
1-0

[Event "Open Semana Santa 2023"]
[Site "?"]
[Date "2023.04.08"]
[Round "6.49"]
[White "Castro Quijano, Eduardo"]
[Black "FM Martin Carmona, Gaston Manuel"]
[Result "0-1"]
[WhiteElo "2083"]
[BlackElo "2333"]
[PlyCount "34"]

1. e4 e5 2. Nf3 Nc6 3. d4 exd4 4. Bc4 Nf6 5. e5 Ne4 6. c3 d5 7. Bb3 dxc3 8.
bxc3 Be6 9. O-O Be7 10. Re1 O-O 11. Nd4 Nxd4 12. cxd4 Bb4 13. Re3 c5 14. dxc5
Bxc5 15. f3 Qb6 16. Qd3 Bxe3+ 17. Qxe3 Rac8 0-1

[Event "Open Semana Santa 2023"]
[Site "?"]
[Date "2023.04.08"]
[Round "6.50"]
[White "Sperat Czar, Nicolas"]
[Black "FM Fiedorek, Michal"]
[Result "0-1"]
[WhiteElo "2027"]
[BlackElo "2328"]
[PlyCount "70"]

1. d4 Nf6 2. Nc3 d5 3. Bf4 c6 4. e3 Bg4 5. f3 Bh5 6. Qd2 e6 7. O-O-O b5 8. Bd3
Nbd7 9. g4 Bg6 10. h4 Bxd3 11. cxd3 Qa5 12. Kb1 b4 13. Nce2 c5 14. dxc5 Nxc5
15. Nd4 Qb6 16. Nb3 Nxb3 17. axb3 a5 18. Qc2 Bd6 19. Bxd6 Qxd6 20. Ne2 O-O 21.
Rc1 Qa6 22. Qd1 Nd7 23. Nf4 Nb6 24. d4 a4 25. bxa4 Nxa4 26. Qb3 Nb6 27. Kc2
Rfc8+ 28. Kd2 Nc4+ 29. Ke1 Na5 30. Rxc8+ Rxc8 31. Qd1 Nc4 32. Kf2 Nxb2 33. Qb1
Qa3 34. Rc1 Rxc1 35. Qxc1 Nc4 0-1

[Event "Open Semana Santa 2023"]
[Site "?"]
[Date "2023.04.08"]
[Round "6.51"]
[White "FM Diaz Velandia, Jose Manuel"]
[Black "Galstyan, David"]
[Result "1/2-1/2"]
[WhiteElo "2318"]
[BlackElo "2119"]
[Annotator "Usuario"]
[PlyCount "74"]

1. d4 e6 2. e4 d5 3. e5 c5 4. c3 Qb6 5. Nf3 Nc6 6. Bd3 cxd4 7. cxd4 Bd7 8. O-O
Nxd4 9. Nbd2 Nc6 10. Nb3 Nge7 11. Re1 Ng6 12. h4 Be7 13. g3 h5 14. Bxg6 fxg6
15. Qd3 O-O 16. Kg2 Qb4 17. Bf4 Rxf4 18. gxf4 Qxf4 19. Qxg6 Rf8 20. Qg3 Qb4 21.
Rad1 Rf4 22. Kh1 Bxh4 23. Qh3 g5 24. Rg1 Kf8 25. Nh2 Qe4+ 26. f3 Qe3 27. Rc1 b6
28. Rxc6 Bxc6 $11 29. Qxe6 Be8 30. Qxd5 Bf7 31. Qd6+ $11 Kg7 32. Nd2 Rf5 33.
Ne4 Rxf3 34. Nxg5 Bxg5 35. Rxg5+ Qxg5 36. Nxf3 Qf5 37. Kg2 h4 $11 1/2-1/2